000 00648nam a2200205Ia 4500
001 8513
003 GE_BSU
008 181216s||||||||xx |||||||||||||| ||und||
040 _cGE_BSU
100 _aვაკელი,იონა
245 _aრვალი. დრამა 4 მოქმედებად და 7 სურათად
245 _cრედ. თ. მღებრიშვული
260 _aთბილისი
260 _bხელოვნება
260 _c1953
300 _a88გვ.19სმ.
653 _aდრამა 4 მოქმედებად
653 _aრვალი
942 _cBK
999 _c41830
_d41830